000 00807nam a2200253 i 4500
001 16340
003 ES-MaACL
005 20250824222442.0
007 t|
008 000830s1998 sp ||||1| spa d
020 _a84-7517-549-X
080 _a821.112.2-6"18"
100 1 _aHölderlin, Friedrich.
_964001
245 1 0 _aCorrespondencia amorosa /
_cFriedrich Hölderlin ; edición y traducción de Helena Cortés Gabaudan y Arturo Leyte Coello.
250 _a2ª ed. rev.
260 _aMadrid :
_bHiperión,
_c1998.
300 _a135 p. :
_bil. ;
_c20 cm.
490 1 _aLibros Hiperión ;
_v105
700 1 _aCortés, Helena.
_940852
700 1 _aLeyte, Arturo.
_972106
830 0 0 _aLibros Hiperión
_v105
_9178016
852 _aES-MaACL
_jL-23516
_bR.128929
999 _c16340
_d16340